000 00524nam a22001817a 4500
999 _c2290
_d2290
005 20181010214903.0
008 181010b ||||| |||| 00| 0 eng d
020 _a0874861594
040 _cDLC
082 _a261.1
_bA752L
100 _aArnold, Eberhard
245 _aLiving Churches: The Essence of Their Life;
_bThe Meaning and Power of Prayer Life
260 _aNew York
_bPlough Publishing House
_c1975
300 _a55p,;
500 _aincludes bible reference [51-55]
650 _xchristian life
942 _2ddc
_cBK